[Event "2014 PHCC Championships"]
[Site "Port Huron"]
[Date "2014.02.27"]
[Round "5"]
[White "Boucher, David"]
[Black "West, Tony"]
[Result "0-1"]
[WhiteElo "1463"]
[BlackElo "1898"]
[Annotator "Lonnie Rutkofske"]
[PlyCount "66"]
[EventDate "2014.02.27"]
[EventType "swiss"]
[EventRounds "7"]

1. e4 e6 2. d4 d5 3. e5 c5 4. Nf3 Nc6 5. Bd3 cxd4 6. O-O Nge7 7. Re1 Bd7 8. Nbd2 Ng6 9. Nf1 Qc7 10. Bxg6 hxg6 11. Ng3 Bc5 12. a3 a5 13. b3 Qb6 14. Re2 Na7 15. Bb2 Bb5 16. Rd2 d3 17. cxd3 Nc6 18. d4 Be7 19. Ne1 a4 20. b4 f5 21. f4 Rh4 22. Rf2 $2 {Diagram  [22. Qf3 appears more solid because it activates the Q, defends f4, and makes room for the QR to become centralized.]} O-O-O 23. Nf3 $4 {[This miscue leads to the complete collapse of White's position: not only does it lose a crucial pawn, but clears the way for a K-side collapse, because the both the White Rook and Nc3 are misplaced for the coming assault! Had White played 22. Qf3 his position would be solid and his pieces could untangle themselves.]} Rxf4 24. Bc1 Rg4 25. Bb2 $2 {[Yet another tempo-waster, much better would have been 25.Rd2 or even Ne2 seem preferable, leading to complications whereby Black may find his Rook trapped.]} Kb8 26. Rc1 Rh8 27. Qd2 $2 {[With all the potential pins in the air and the tremendous pressure on d4, better would have been 27.Ne2]} Bh4 $1 {Diagram  [Tony does a nice job of increasing the pressure on Dave's K-side and minimizing his defensive options. at this point it appears that black has an overwhelming advantage!]} 28. Nxh4 Rhxh4 29. Ne2 {[My choice would have been 29.Rc5 taking the Q temporarily out of the equation blocking pressure on d4 and eliminating a target for Black's B. White can still swing his Q to d8 and h8 after he plays 29. Bc4, but this can lead to complications if he vacates b6, a possible b5 could create some counter chances for White. After the text, Tony finishes his attack in efficient fashion with a nice combination!]} Bxe2 30. Rxe2 Nxd4 31. Bxd4 Rxd4 32. Qe3 Rhe4 33. Qf2 Rxe2 0-1

[Event "2014 PHCC Championships"]
[Site "Port Huron"]
[Date "2014.02.27"]
[Round "5"]
[White "Wingrove, William"]
[Black "Nowiski, Adam"]
[Result "1-0"]
[WhiteElo "1695"]
[BlackElo "919"]
[PlyCount "43"]
[EventDate "2014.02.27"]
[EventType "swiss"]
[EventRounds "7"]

1. e4 e5 2. Nf3 Nc6 3. d4 exd4 4. Nxd4 Nxd4 5. Qxd4 Nf6 6. e5 c5 7. Qd3 Ng4 8. Bf4 Be7 9. Be2 Bg5 10. Qg3 Bxf4 11. Qxf4 Nh6 12. O-O b6 13. Bf3 Ba6 14. Re1 Rb8 15. Nc3 Bb7 16. Ne4 Bd5 17. Nd6+ Ke7 18. Bxd5 Qf8 19. Rad1 Kd8 20. Nxf7+ Ke7 21. Qh4+ Ke8 22. Nd6+ 1-0

[Event "2014 PHCC Championships"]
[Site "Port Huron"]
[Date "2014.03.06"]
[Round "6"]
[White "Rutkofske, Lonnie"]
[Black "Nowiski, Adam"]
[Result "1-0"]
[WhiteElo "1836"]
[BlackElo "919"]
[PlyCount "49"]
[EventDate "2014.03.06"]
[EventType "swiss"]
[EventRounds "7"]

1. c4 e5 2. g3 Nf6 3. Bg2 c6 4. Nc3 Bb4 5. a3 Ba5 6. Nf3 d6 7. O-O O-O 8. d3 Nbd7 9. Nh4 h6 10. h3 Nc5 $4 11. b4 Ne6 12. bxa5 Qxa5 13. Bd2 Nd4 14. e3 Nf5 15. Nxf5 Bxf5 16. e4 Bd7 17. Nd5 cxd5 $4 18. Bxa5 b6 19. Bb4 dxc4 20. dxc4 Ne8 21. Bxd6 Nxd6 22. Qxd6 Be6 23. Qxe5 Bxc4 24. Rfe1 Rfe8 25. Qf4 1-0

[Event "2014 PHCC Championships"]
[Site "Port Huron"]
[Date "2014.03.06"]
[Round "?"]
[White "Morabito, Matthew"]
[Black "Boucher, David"]
[Result "1-0"]
[WhiteElo "1780"]
[BlackElo "1463"]
[PlyCount "49"]
[EventDate "2014.03.06"]
[EventType "swiss"]
[EventRounds "7"]

1. Nf3 d6 2. g3 Bg4 3. Bg2 Nf6 4. c4 e6 5. Nc3 c6 6. d4 d5 7. Bg5 Be7 8. Ne5 Nbd7 9. Nxg4 Nxg4 10. Bxe7 Qxe7 11. e4 Nh6 $4 12. cxd5 exd5 13. O-O dxe4 14. Nxe4 O-O 15. Re1 Qb4 16. Qc2 Rad8 17. a3 Qb6 18. b4 Nb8 19. Nc5 Rfe8 20. Re4 Qc7 21. Rae1 Rxe4 22. Qxe4 Rf8 23. Bh3 b6 24. Nd3 Nd7 25. Qe7 1-0

[Event "2014 PHCC Championships"]
[Site "Port Huron"]
[Date "2014.03.06"]
[Round "?"]
[White "Bedy, Noel"]
[Black "Jones, G. Avery"]
[Result "1/2-1/2"]
[WhiteElo "1621"]
[BlackElo "1684"]
[PlyCount "72"]
[EventDate "2014.03.06"]
[EventType "swiss"]
[EventRounds "7"]

1. d4 d5 2. Nf3 Nf6 3. e3 Bg4 4. Nbd2 g6 5. c4 Bg7 6. Bd3 O-O 7. Qb3 b6 8. Ne5 c6 9. Nxg4 Nxg4 10. h3 Nf6 11. Nf3 Nbd7 12. cxd5 cxd5 13. Bb5 e6 14. Bd2 Rc8 15. Bb4 Re8 16. Ne5 Bf8 17. Nc6 Qc7 18. O-O Qb7 19. Ne5 a6 20. Bxf8 Rxf8 21. Nxd7 Nxd7 22. Bd3 b5 23. Rac1 Nb6 24. Qb4 Nc4 25. a4 Qd7 26. axb5 axb5 27. Rc2 Rc7 28. Rfc1 Rfc8 29. b3 Nd6 {Diagram  [29.Rc5!]} 30. Rxc7 Rxc7 31. Rxc7 Qxc7 32. Qc5 Qb8 33. f3 b4 34. e4 dxe4 35. fxe4 Ne8 36. e5 $2 {[36.Bb5! looks very strong.]} Nc7 {[Draw Agreed.]} 1/2-1/2

[Event "2014 PHCC Championships"]
[Site "Port Huron"]
[Date "2014.03.20"]
[Round "7"]
[White "Boucher, David"]
[Black "Gregg, Alan"]
[Result "0-1"]
[WhiteElo "1463"]
[BlackElo "1951"]
[PlyCount "72"]
[EventDate "2014.02.20"]
[EventRounds "7"]

1. e4 c5 2. d4 cxd4 3. c3 d3 4. Bxd3 Nc6 5. Nf3 g6 6. O-O Bg7 7. Qe2 d6 8. Rd1 Qc7 9. Na3 a6 10. Be3 b5 11. Qd2 Nf6 12. h3 O-O 13. Bh6 Bb7 14. Bxg7 Kxg7 15. Rac1 Nd7 16. Nc2 Nc5 17. Qe2 Ne5 18. Nxe5 dxe5 19. Ne1 Rad8 20. Bc2 Qc6 21. f3 Qc7 22. Nd3 Nd7 23. Rd2 Nb6 24. Nb4 Rxd2 25. Qxd2 Nc4 26. Qe2 Nxb2 27. Bb3 Nc4 28. Rd1 e6 29. Bxc4 bxc4 30. Qd2 a5 31. Nc2 Qb6+ 32. Ne3 Bc6 33. Kf1 Ba4 34. Qd6 Qxe3 35. Qxe5+ Kg8 36. Rd6 Bc2 0-1

[Event "2014 PHCC Championships"]
[Site "Port Huron"]
[Date "2014.03.20"]
[Round "7"]
[White "Wingrove, William"]
[Black "Rutkofske, Lonnie"]
[Result "1/2-1/2"]
[WhiteElo "1695"]
[BlackElo "1836"]
[PlyCount "20"]
[EventDate "2014.03.20"]
[EventType "swiss"]
[EventRounds "7"]

1. e4 d6 2. d4 Nf6 3. Nc3 g6 4. Be3 Bg7 5. f3 O-O 6. Qd2 Re8 7. O-O-O c6 8. h4 Qa5 9. Kb1 Be6 10. g4 b5 {[Draw Agreed]} 1/2-1/2

[Event "2014 PHCC Championships"]
[Site "Port Huron"]
[Date "2014.03.20"]
[Round "7"]
[White "Nowiski, Adam"]
[Black "Wilkinson, Stewart"]
[Result "0-1"]
[WhiteElo "919"]
[BlackElo "1879"]
[PlyCount "50"]
[EventDate "2014.03.20"]
[EventType "swiss"]
[EventRounds "7"]

1. e4 e6 2. d4 d5 3. Nc3 Bb4 4. Bd2 dxe4 5. Be3 Nf6 6. Nge2 O-O 7. a3 Bxc3+ 8. bxc3 b6 9. Nf4 Bb7 10. Be2 Nbd7 11. Bc4 Nd5 12. Nxd5 exd5 13. Bb3 f5 14. c4 f4 15. Bd2 c6 16. Bb4 Re8 17. cxd5 cxd5 18. c3 Qg5 19. g3 e3 20. fxe3 Rxe3+ 21. Kd2 fxg3 22. Kc2 g2 23. Rg1 Qf5+ 24. Kb2 Qf2+ 25. Bc2 a5 0-1

[Event "2014 PHCC Championships"]
[Site "Port Huron"]
[Date "2014.03.20"]
[Round "7"]
[White "Jones, G. Avery"]
[Black "Morabito, Matthew"]
[Result "1/2-1/2"]
[WhiteElo "1684"]
[BlackElo "1780"]
[PlyCount "113"]
[EventDate "2014.03.20"]
[EventType "swiss"]
[EventRounds "7"]

1. d4 g6 2. Nf3 Bg7 3. g3 c5 4. c3 b6 5. Bg2 Bb7 6. O-O d6 7. Qb3 Nc6 8. dxc5 dxc5 9. Rd1 Qc7 10. Bf4 e5 11. Bg5 Nge7 12. Na3 a6 13. Nc4 Nc8 14. Bh3 b5 15. Rd7 bxc4 {Diagram [16. Qc4! looks like a win by force. If 16...Nd6 17. Qc5! keeps the pressure on ...]} 16. Qxb7 Qxb7 17. Rxb7 O-O 18. Rc7 N8a7 19. Bd7 e4 20. Ne1 $2 {[The Knight seems better placed at d2!]} Ne5 21. Bh3 {[This Bishop was far better placed at a4 to prevent the text move as well as continue pressure against c6 and e8.]} Nac6 22. Bf4 Rab8 23. Rb1 {[Black is centralizing his pieces and begins attacking, while the White pieces are in disarray and on very poor squares for both offense and defensive purposes.]} Rb5 {[ Had White moved Ba on move 21, this sally would be out of the question.]} 24. Bg2 f5 25. Nc2 Rfb8 26. Bc1 R5b7 27. Rxb7 Rxb7 28. Be3 Nd7 29. f3 Bxc3 30. fxe4 fxe4 31. Bxe4 Nde5 32. Bxc5 Rxb2 33. Rxb2 Bxb2 34. Bd5+ Kg7 35. Ne3 {Diagram  [35...c3 looks very provocative and could creat some problems for white. ]} Bd4 36. Bxd4 Nxd4 37. Nxc4 Nxe2+ 38. Kf2 Nc3 39. Be6 Nxa2 $4 40. Nxe5 {[Oops! Another fine mess Matt has gotten himself into! Just the simple Kf6 looks like the equalizer, but Matt wanted to create some difficulties for Avery who was in time trouble, and he was once again trying to run Avery out of time and miscalculated ...hummm shades of West-Morabito in Round 4.]} Nb4 41. Nc4 Kf6 42. Bc8 g5 43. Kf3 h5 44. h3 Ke7 45. Ke4 Kf6 46. Bb7 Ke6 47. Na5 Kf6 48. Nc6 {Diagram  [A nifty maneuver with less than 5 minutes left!]} Na2 49. Bxa6 Nc3+ 50. Kf3 Nd5 51. Ke4 Nc3+ 52. Kd4 Nd1 53. Bf1 Nf2 54. Ke3 {[54.Bg2? ]} Nd1+ 55. Ke2 Nc3+ 56. Kf2 Ne4+ 57. Kg2 {[Draw agreed, since Avery had less than 2 minutes on his clock, and if Matt could trade of the pawns, then a draw would be the likely result anyway.]} 1/2-1/2

[Event "2014 PHCC Championships"]
[Site "Port Huron"]
[Date "2014.03.20"]
[Round "7"]
[White "Bedy, Noel"]
[Black "West, Tony"]
[Result "0-1"]
[WhiteElo "1621"]
[BlackElo "1898"]
[Annotator "Stewart Wilkinson"]
[PlyCount "56"]
[EventDate "2014.03.20"]
[EventType "swiss"]
[EventRounds "7"]

1. d4 f5 2. Bf4 {[White eschews the Staunton Gambit (2.e4) and opts for a solid plan of development.]} Nf6 3. e3 e6 4. Nf3 d6 {Diagram [ The Ilyin-Zhenesky System in its traditional form. As illustrated in the previous game, White must act vigorously in the center to obtain an advantage.} 5. c4 {[Classical development but Fritz 8 prefers 5. Bc4/Bb5+]} Nbd7 6. Be2 Be7 7. Nc3 c5 $2 {Diagram  [A win for Tony clinches the tournament and he makes an uncharacteristic error of aggression. 7....,00 looks safe, but Fritz 8 prefers the defensive maneuver 7....,Nf8. Noel's post-game analyses found the riposte 7....,c5? 8.Ng5! leaving Black with an unenviable choice!]} {[From the diagram showing the position that Noel analyzed after 8.Ng5, Black's choices are: 8....,e5 9.Ne6. Qb6 10.Bh6! and his K-side looks like Swiss cheese; if 8...,Nf8 9.dc5, e5 10.cd6, Qd6 11.Qd6, Bd6 12.000 and White is winning: if 8...,Nb6 9.dc5, e5 10.Bg3 and Black is on the ropes. Noel, however, couldn't find the Knight sortie over the board - a missed opportunity for Noel and a chance for Tony to defend! Back to the game!]} 8. Qc2 $2 {[From the diagram showing the position that Noel analyzed after 8.Ng5, Black's choices are: 8....,e5 9.Ne6. Qb6 10.Bh6! and his K-side looks like Swiss cheese; if 8...,Nf8 9.dc5, e5 10.cd6, Qd6 11.Qd6, Bd6 12.000 and White is winning: if 8...,Nb6 9.dc5, e5 10.Bg3 and Black is on the ropes. Noel, however, couldn't find the Knight sortie over the board - a missed opportunity for Noel and a chance for Tony to defend! Back to the game!]} O-O $2 9. h3 $6 {[9.Ng5 is still best.]} Qa5 $2 {Diagram  [A win for Tony clinches the tournament and he makes an uncharacteristic error of aggression. 7....,00 looks safe, but Fritz 8 prefers the defensive maneuver 7....,Nf8. Noel's post-game analyses found the riposte 7....,c5? 8.Ng5! leaving Black with an unenviable choice!]} 10. O-O cxd4 11. exd4 e5 $15 12. Bd2 Qd8 13. Rad1 $2 {[13.Qf5! and White wins the f-pawn outright without relinquishing his positional grip. If 13....,Nb6/Nb8 the Queen stands well after 14. Qd3.]} e4 14. Nh2 {[14.Ng5 is still best!]} Qe8 {[Tony has escaped immediate danger and goes on to win the game and the tournament. Congratulations to Tony! Despite White's passivity, Fritz judges the position to be slightly in his favor.]} 15. f3 Qg6 16. fxe4 fxe4 17. Ng4 h5 18. Nf2 Nb8 19. Kh1 Nc6 20. Nfxe4 Bf5 21. Bd3 Kh8 22. Be3 Nb4 23. Qe2 Nxd3 24. Rxf5 Qxf5 25. Qxd3 Nxe4 26. Nd5 Bh4 27. Qb3 Bg3 28. Ne7 Qf1+ 0-1

[Event "2014 PHCC Rated September Mini-Swiss"]
[Site "Port Huron"]
[Date "2014.09.11"]
[Round "1"]
[White "Jones, G. Avery"]
[Black "Gregg, Alan"]
[Result "0-1"]
[WhiteElo "1667"]
[BlackElo "1958"]
[Annotator "GREGG,ALAN"]
[PlyCount "160"]
[EventDate "2014.09.11"]
[EventType "swiss"]
[EventRounds "3"]

1. d4 Nf6 2. Nf3 d6 3. Nc3 g6 4. Bg5 Bg7 5. e4 h6 6. Bh4 c6 7. Bd3 Bg4 8. h3 Bxf3 9. Qxf3 Nbd7 10. O-O Qa5 11. Rab1 Qh5 12. Bg3 Qxf3 13. gxf3 e5 14. Ne2 Nh5 15. Bh2 g5 16. c3 O-O-O 17. Rfd1 Nf4 18. Bxf4 gxf4 19. Kh2 Bf6 20. Rg1 Nf8 21. Rbd1 Ng6 22. dxe5 dxe5 23. Nc1 Bh4 24. Kg2 Be7 25. Be2 Rdg8 26. Kh2 Nh4 27. Rxg8+ Rxg8 28. Rg1 Bg5 29. Nd3 Re8 30. Rd1 Kc7 31. Nc5 Re7 32. Nd3 b6 33. Ne1 Ng6 34. Ng2 Bh4 35. Nxh4 Nxh4 36. Kh1 Rd7 37. Rxd7+ Kxd7 38. Kg1 Kd6 39. Kf1 f6 40. Kg1 a5 41. Kf1 b5 42. Bd1 c5 43. Ke2 c4 44. a3 Kc5 45. b4+ Kb6 (45... cxb3) 46. Kd2 Ng6 47. Ke1 h5 48. Kd2 h4 49. Ke2 Nf8 50. Kd2 Ne6 51. Ke2 Ng5 52. Kf1 Nxh3 53. Kg2 Ng5 54. Kh2 axb4 55. axb4 Kc6 56. Kg2 Kd6 57. Be2 Ke6 58. Kh2 f5 59. exf5+ Kxf5 60. Kg2 e4 61. fxe4+ Nxe4 62. Bxc4 bxc4 63. b5 Nc5 64. f3 Na4 65. Kh3 Ke5 66. Kxh4 Nxc3 67. b6 Kd6 68. Kg4 Nd5 69. Kf5 c3 70. b7 Kc7 71. Ke4 Kxb7 72. Kxd5 c2 73. Ke4 c1=Q 74. Kf5 Qe3 75. Kg4 Kc6 76. Kg5 Qxf3 77. Kf5 Qe3 78. Kg4 f3 79. Kh4 f2 80. Kg4 f1=R 0-1

[Event "2014 PHCC Rated September Mini-Swiss"]
[Site "Port Huron"]
[Date "2014.09.11"]
[Round "1"]
[White "Rutkofske, Lonnie"]
[Black "Morabito, Matthew"]
[Result "1/2-1/2"]
[WhiteElo "1819"]
[BlackElo "1809"]
[PlyCount "99"]
[EventDate "2014.09.11"]
[EventType "swiss"]
[EventRounds "3"]

1. g3 c5 2. e4 d6 3. Bg2 Nf6 4. h3 Nc6 5. d3 e6 6. Nf3 Be7 7. O-O O-O 8. Re1 Qc7 9. c3 b6 10. Nbd2 Ba6 11. Nf1 Rad8 12. Qc2 Ne5 13. Nxe5 dxe5 14. c4 Rd7 15. Nh2 Rfd8 16. Bf1 b5 17. b3 bxc4 18. bxc4 Rb8 19. Bd2 Rdd8 20. Nf3 Rb6 $4 21. Ba5 Nd7 22. Bxb6 axb6 23. a4 Nb8 24. Qc3 Nc6 25. Reb1 Bf6 26. a5 $4 bxa5 {Diagram } 27. Qa3 Be7 28. Rb3 Rb8 29. Nd2 Bd6 30. Rxb8+ Qxb8 31. Rb1 Qa7 32. Be2 Bc7 33. Qa4 Qa8 34. Bd1 g6 35. Nf3 Kg7 36. Ne1 Nb4 37. Qa1 Qd8 38. Qa3 f5 39. exf5 exf5 40. Bf3 Qd4 41. Rd1 g5 42. Be2 Bc8 43. Nf3 Qd8 44. Qb2 Qf6 45. Qd2 h6 46. Ne1 Bb7 47. Qe3 Qd6 48. Bf3 f4 49. Qe2 {Diagram } Bxf3 50. Nxf3 1/2-1/2

[Event "2014 PHCC Rated September Mini-Swiss"]
[Site "Port Huron"]
[Date "2014.09.11"]
[Round "1"]
[White "Wingrove, William"]
[Black "Bedy, Noel"]
[Result "1/2-1/2"]
[WhiteElo "1667"]
[BlackElo "1606"]
[PlyCount "87"]
[EventDate "2014.09.01"]
[EventType "swiss"]
[EventRounds "3"]

1. e4 e5 2. Nf3 Nc6 3. Bb5 a6 4. Ba4 Nf6 5. O-O Be7 6. Re1 b5 7. Bb3 d6 8. c3 O-O 9. h3 Nb8 10. d3 c5 11. Nbd2 Bb7 12. Nf1 Nbd7 13. Ng3 Rc8 14. Bc2 Re8 15. Be3 Bf8 16. Qd2 d5 17. exd5 Nxd5 18. d4 Nxe3 19. Rxe3 cxd4 20. cxd4 Bxf3 21. Rxf3 exd4 22. Bb3 Nf6 23. Rd1 Rc6 24. Rd3 Bc5 25. Qf4 Qd6 26. Qf3 Rc7 27. Nf5 Qe5 28. Nxd4 Bxd4 29. Rxd4 Qc5 30. R1d2 Re1+ 31. Kh2 Qe5+ 32. g3 g6 33. Rd6 Rcc1 34. Rxa6 Rh1+ 35. Qxh1 Rxh1+ 36. Kxh1 Qe1+ 37. Kg2 Qxd2 38. Rxf6 Qxb2 39. Rxf7 Kh8 40. Rb7 Qe2 41. Rb8+ Kg7 42. Rb7+ Kh6 43. Bd5 Qd3 44. Bf3 1/2-1/2

[Event "2014 PHCC Rated September Mini-Swiss"]
[Site "Port Huron"]
[Date "2014.09.18"]
[Round "2"]
[White "Gregg, Alan"]
[Black "Rutkofske, Lonnie"]
[Result "1/2-1/2"]
[WhiteElo "1958"]
[BlackElo "1819"]
[PlyCount "86"]
[EventDate "2014.09.18"]
[EventType "swiss"]
[EventRounds "3"]

1. e4 e6 2. d3 d6 3. Nf3 Be7 4. Be2 b6 5. O-O Bb7 6. c4 Bf6 7. Nc3 Nc6 8. Be3 Nh6 9. h3 Ng8 10. d4 Nge7 11. Rc1 O-O 12. b4 e5 13. b5 Nxd4 14. Nxd4 exd4 15. Bxd4 Bxd4 16. Qxd4 a5 17. Rfd1 Bc8 18. Bf3 Ra7 19. Nd5 Be6 20. Ne3 Ng6 21. a4 Qg5 22. Kf1 Ne5 23. Be2 Raa8 24. Rc3 f5 25. exf5 Bxf5 26. Nd5 Qd8 27. Kg1 Rc8 28. Rg3 Kh8 29. Re3 Re8 30. Bf1 Qd7 31. Rde1 Qf7 32. f4 Ng6 33. Rxe8+ Rxe8 34. Rxe8+ Qxe8 35. Nxc7 Qe4 36. Qxe4 Bxe4 37. g3 Bc2 38. Ne8 Bxa4 39. Nxd6 Nf8 40. c5 bxc5 41. Nf7+ Kg8 42. Bc4 Bxb5 43. Nh6+ Kh8 1/2-1/2

[Event "2014 PHCC Rated September Mini-Swiss"]
[Site "Port Huron"]
[Date "2014.09.18"]
[Round "2"]
[White "Bedy, Noel"]
[Black "Jones, G. Avery"]
[Result "1/2-1/2"]
[WhiteElo "1606"]
[BlackElo "1667"]
[PlyCount "71"]
[EventDate "2014.09.18"]
[EventType "swiss"]
[EventRounds "3"]

1. d4 d5 2. Nf3 Nf6 3. e3 Bg4 4. c4 c6 5. Qb3 Qb6 6. Ne5 Qxb3 7. axb3 e6 8. Nxg4 Nxg4 9. Be2 Nf6 10. Nc3 Bb4 11. O-O O-O 12. Na2 Bd6 13. c5 Bc7 14. b4 a6 15. Nc3 e5 16. b5 exd4 17. exd4 Re8 18. bxa6 Nxa6 19. Bxa6 bxa6 20. f3 h6 21. Bd2 Nh5 22. Rfe1 Kf8 23. Rxe8+ Kxe8 24. b4 Bf4 25. Bxf4 Nxf4 26. b5 cxb5 27. Nxb5 Kd7 28. Nc3 Kc6 29. Kf2 Nd3+ 30. Ke3 Nb4 31. Kd2 g6 32. Re1 Ra7 33. g3 a5 34. Rd1 h5 35. f4 f6 36. h3 1/2-1/2

[Event "2014 PHCC Rated September Mini-Swiss"]
[Site "Port Huron"]
[Date "2014.09.18"]
[Round "2"]
[White "Morabito, Matthew"]
[Black "Wingrove, William"]
[Result "1-0"]
[WhiteElo "1809"]
[BlackElo "1667"]
[PlyCount "71"]
[EventDate "2014.09.18"]
[EventType "swiss"]
[EventRounds "3"]

1. Nf3 c5 2. g3 Nc6 3. Bg2 g6 4. O-O Bg7 5. d3 d6 6. e4 e5 7. Nc3 Nge7 8. Nd5 h6 9. c3 b6 10. Nxe7 Qxe7 11. Be3 Bd7 12. d4 exd4 13. cxd4 O-O-O 14. d5 Ne5 15. Nxe5 Bxe5 16. Rb1 Kb8 17. b4 h5 18. f4 Bg7 19. bxc5 dxc5 20. d6 Qe6 21. e5 Rc8 22. Bd5 Qe8 23. Qf3 Bc6 24. Bxc5 Bxd5 25. Qxd5 Qc6 26. Qxc6 Rxc6 27. Rfc1 Rd8 28. Be3 Rxc1+ 29. Bxc1 f6 30. Bb2 fxe5 31. fxe5 Bf8 32. Rf1 Bh6 33. Rf3 Bd2 34. e6 Bb4 35. e7 Rg8 36. Rf8+ 1-0

[Event "2014 PHCC Rated September Mini-Swiss"]
[Site "Port Huron"]
[Date "2014.09.25"]
[Round "3"]
[White "Morabito, Matthew"]
[Black "Gregg, Alan"]
[Result "1-0"]
[WhiteElo "1809"]
[BlackElo "1958"]
[PlyCount "51"]
[EventDate "2014.09.25"]
[EventType "swiss"]
[EventRounds "3"]

1. Nf3 d5 2. g3 Nf6 3. Bg2 e6 4. c4 c6 5. O-O Be7 6. cxd5 exd5 7. b3 O-O 8. Bb2 Bf5 9. d3 Nbd7 10. Nbd2 h6 11. Re1 Bh7 12. e4 Nc5 13. Ne5 dxe4 14. d4 Nd3 15. Nxd3 exd3 16. Ne4 Nxe4 17. Bxe4 Bxe4 18. Rxe4 Bf6 19. Qxd3 Qd7 20. Rae1 Rfe8 21. Qe3 Rxe4 22. Qxe4 Rd8 23. Qf4 {Diagram } Bxd4 $4 24. Bxd4 Qxd4 25. Re8+ Kh7 26. Qf5+ 1-0

[Event "2014 PHCC Rated September Mini-Swiss"]
[Site "Port Huron"]
[Date "2014.10.02"]
[Round "3"]
[White "Rutkofske, Lonnie"]
[Black "Jones, G. Avery"]
[Result "1-0"]
[WhiteElo "1819"]
[BlackElo "1667"]
[PlyCount "96"]
[EventDate "2014.10.02"]
[EventType "swiss"]
[EventRounds "3"]

1. g3 d5 2. Bg2 g6 3. Nf3 Nc6 4. O-O Bg7 5. d3 Nf6 6. c3 O-O 7. Re1 Bg4 8. h3 Bf5 9. Bg5 Qc8 10. Kh2 Re8 11. Qc1 e5 12. Bh6 Bh8 13. Nh4 e4 14. d4 Bd7 15. Nd2 Nh5 16. Nf1 Bf6 17. Bg5 Bh8 18. g4 Ng7 19. Ne3 Ne6 20. Nxd5 Nxg5 21. Qxg5 Bg7 22. Nf6+ Bxf6 23. Qxf6 a5 24. f3 Ra6 25. Qf4 Qd8 26. Qg3 g5 27. Nf5 Bxf5 28. gxf5 e3 29. f4 h6 30. Rg1 f6 31. Bf3 Re7 32. Qg4 Qd6 33. Kh1 Rg7 34. fxg5 Ne7 35. g6 Rb6 36. Rab1 Rb5 37. Be4 a4 38. Qf3 Qd7 39. Rgf1 Nd5 40. c4 Ra5 41. cxd5 Re7 42. b4 Ra8 43. Rbc1 Kg7 44. a3 Rae8 45. Bd3 Rh8 46. Rc5 h5 47. h4 Ree8 48. Rfc1 Rc8 1-0

[Event "2014 October USCF Rated Quad"]
[Site "Port Huron"]
[Date "2014.10.16"]
[Round "1"]
[White "Bedy, Noel"]
[Black "West, Tony"]
[Result "0-1"]
[WhiteElo "1487"]
[BlackElo "1983"]
[PlyCount "86"]
[EventDate "2014.10.16"]
[EventType "tourn"]
[EventRounds "3"]

1. d4 f5 2. Nf3 Nf6 3. Bf4 d5 4. e3 c6 5. c3 e6 6. Bd3 Bd6 7. Bg3 O-O 8. Nbd2 Ne4 9. Ne5 Qe7 10. Ndf3 Nd7 11. Nxd7 Bxd7 12. Bxd6 Qxd6 13. Ne5 Rad8 14. Qe2 c5 15. Rc1 Ng5 16. Qh5 Nf7 17. f4 Be8 18. Qh4 c4 19. Bb1 Nh8 20. g4 Ng6 21. Qg3 Ne7 22. Rg1 g6 23. h4 fxg4 24. Qxg4 Nf5 25. Qh3 Kh8 26. Rc2 Qe7 27. Rh2 b5 28. Rhg2 Qxh4+ 29. Qxh4 Nxh4 30. Rg3 Nf5 31. Rh3 Kg7 32. Kd2 Rb8 33. Nf3 Rf6 34. Ng5 h6 35. Nf3 b4 36. Ne5 Kh7 37. Rgh1 h5 38. Bxf5 exf5 39. Rg3 Ra6 40. Rhg1 bxc3+ 41. Kxc3 Rxa2 42. b4 a5 43. Rb1 axb4+ 0-1